000 02045cam a22003251i 4500
003 SA-RiAUC
005 20250803061743.0
008 250720s1954 ua g 000 0 ara c
040 _aSA-JeALM
_bara
_cSA-RiAUC
_erda
082 0 4 _a216.4
090 _aن 247
_bذ هـ ب
100 1 _aالذهبي، محمد بن أحمد بن عثمان،
_d673-748 هجري
_eمؤلف.
245 1 2 _aالمنتقى من منهاج الاعتدال في نقض كلام أهل الرفض والاعتزال، وهو، مختصر منهاج السنة لابن تيمية /
_cاختصره أبو عبد الله محمد بن أحمد بن عثمان الذهبي ؛ حققه وعلق على حواشيه محب الدين الخطيب.
246 3 3 _aمختصر منهاج السنة لابن تيمية
264 1 _aالقاهرة :
_bالمطبعة السلفية ومكتبتها ؛
_bمكتبة المؤيد،
_c1954
300 _a592 صفحة ؛
_c24 سم
336 _aنص
_btxt
_2rdacontent
_3كتاب
337 _aبدون وسيط
_bn
_2rdamedia
338 _aمجلد
_bnc
_2rdacarrier
650 7 _aعلم الكلام
_xدفع مطاعن
_2aucsh
650 7 _aالفرق الإسلامية
_2aucsh
650 7 _aالرافضية (فرقة إسلامية)
_2aucsh
650 7 _aالمعتزلة (فرقة إسلامية)
_2aucsh
700 1 _aمحب الدين الخطيب، محب الدين بن محمد بن عبد القادر،
_d1886-1969
_eمحقق.
700 1 2 _aابن تيمية، أحمد بن عبد الحليم بن عبد السلام،
_d661-728 هجري.
_tمنهاج السنة النبوية في نقض كلام الشيعة والقدرية
740 0 2 _aمنهاج الاعتدال في نقض كلام أهل الرفض والاعتزال، وهو، منهاج السنة النبوية في نقض كلام الشيعة والقدرية.
740 0 2 _aمنهاج السنة النبوية في نقض كلام الشيعة القدرية.
942 _2ddc
_cRARE BOOK
_n0
949 _aSA-JeALM
_d250720
_uosman123
_n1
999 _c10477
_d10477